| 000 | 00470cam a2200169u 4500 | ||
|---|---|---|---|
| 001 | unk82064235 | ||
| 003 | DLC | ||
| 005 | 20260227112759.0 | ||
| 008 | 821208s1931 ohu 000 0 eng | ||
| 010 | _aunk82064235 | ||
| 040 |
_aDLC _cCarP _dDLC |
||
| 050 | 0 | 0 |
_aCB155 _b.T5 |
| 100 | 1 |
_aThompson, Allison John, _d1865- |
|
| 245 | 1 | 0 |
_aMan, nature and civilization ... _bRandom thoughts ... |
| 260 |
_a[Cleveland?] _bPrivate publication _c[c1931] |
||
| 300 | _a2 pt. 18 cm. | ||
| 999 |
_c91395 _d91395 |
||